Normal view
MARC view
Entry Topical Term
001 - CONTROL NUMBER
- control field: 15676
003 - CONTROL NUMBER IDENTIFIER
- control field: ARRUPE
005 - DATE AND TIME OF LATEST TRANSACTION
- control field: 20150302131546.0
008 - FIXED-LENGTH DATA ELEMENTS
- fixed length control field: 150302|| aca||aabn | a|a d
040 ## - CATALOGING SOURCE
- Original cataloging agency: ARRUPE
- Transcribing agency: ARRUPE
150 ## - HEADING--TOPICAL TERM
- Topical term or geographic name as entry element: Bible N.T. Gospels
- General subdivision: Criticism
- General subdivision: interpretation
670 ## - SOURCE DATA FOUND
- Source citation: Work cat.: (ARRUPE): Schweizer, Eduard 15675, Jesus the parable of God , 1994